000 00397nam a22001217a 4500
999 _c15228
_d15228
008 200306b ||||| |||| 00| 0 eng d
100 _942017
_aTalavera, Catherine.
245 _aDOT invites businesses to invest in tourism development/
_cCatherine Talavera.
260 _aPhilippines;
_bThe Philippine Star,
_c©2019.
300 _apage B8;
_c29.5cm.
650 _aTourism.
_942018
942 _2ddc
_cPER